| 000 | 00584 a2200205 4500 | ||
|---|---|---|---|
| 999 |
_c4895 _d4895 |
||
| 003 | NUST | ||
| 005 | 20180719113901.0 | ||
| 008 | 180719b ||||| |||| 00| 0 eng d | ||
| 020 |
_a0007122586 _cRs. 200 |
||
| 038 | _aArshad | ||
| 040 |
_aDLC _bDLC |
||
| 082 | 0 | 0 | _a823/.912 |
| 100 | 1 |
_aChristie, Agatha, _98918 |
|
| 245 | 1 | 4 |
_aThe secret of chimneys _cAgatha Christie. |
| 250 | _aWinterbrook ed., 1st ed. | ||
| 260 |
_aNew York : _bDodd, Mead, _c[1986?] c1925. |
||
| 300 |
_aviii, 312 p. ; _c22 cm. |
||
| 655 | 7 |
_aDetective and mystery stories. _92977 |
|
| 942 |
_cBK _k823.912 CHR _2ddc |
||